000 00302nam a22001337a 4500
008 181218b xxu||||| |||| 00| 0 eng d
020 _a9780201338775
041 _aeng
080 _22nd
_a510
100 _a36
101 _aMAT
245 _aFundamental Mathematics
_cBittinger, M.L
942 _2udc
_cBK
999 _c53460
_d53460